Los tres premios Nobel de literatura de América Latina: Gabriela Mistral, Miguel Angel Asturias, Pablo Neruda

Saved in:
Bibliographic Details
Format: Book
Language:Spanish
Published: Santiago Peldaño 1972
Series:Cuadernos de Divulgación Cultural
Subjects:
Tags: Add Tag
No Tags, Be the first to tag this record!

MARC

LEADER 00000nam a2200000 a 4500
001 UCW5121
003 CL-VaPUC
005 20241016095655.0
008 901205e19720000CL |||||||||||||||||spa|d
999 |c 218630  |d 218628 
040 |c Pontificia Universidad Católica de Valparaíso 
082 0 4 |a 928  |b TRE  |2 21 
245 1 4 |a Los tres premios Nobel de literatura de América Latina: Gabriela Mistral, Miguel Angel Asturias, Pablo Neruda 
260 |a Santiago  |b Peldaño  |c 1972 
300 |a 32 p 
490 0 |a Cuadernos de Divulgación Cultural 
583 |a last modification  |c 19901205 00:00:00  |k Rodrigo Vera 
600 0 |a Mistral, Gabriela,  |d 1889-1957  |e autora  |q Godoy Alcayaga, Lucila  |9 866296 
600 0 7 |a ASTURIAS, MIGUEL ANGEL  |9 309802 
600 0 |a Neruda, Pablo,  |d 1904-1973  |e autor  |9 471955 
650 0 |a Biografías  |9 255210 
650 0 |a Literatura latinoamericana  |9 309997 
650 0 |a Poesía chilena   |9 268403 
650 7 |a POESIA GUATEMALTECA  |2 CL-VaPUC  |9 309998 
650 0 |a Crítica e interpretación   |9 255042 
650 0 |a Crítica literaria   |9 269189 
942 |c BK  |2 ddc 
945 |d 19901205 00:00:00 
952 |0 0  |1 0  |4 0  |6 928_000000000000000_TRE_1972  |7 0  |8 A  |9 208469  |a BIBEDU  |b BIBEDU  |d 2019-11-15  |i 2763710  |o 928 TRE 1972  |p 2763710  |r 2019-11-15  |w 2019-11-15  |y BK  |k EDU 
952 |0 0  |1 0  |4 0  |6 928_000000000000000_TRE_1972  |7 0  |8 A  |9 208470  |a BIBEDU  |b BIBEDU  |d 2019-11-15  |i 3258947  |o 928 TRE 1972  |p 3258947  |r 2019-11-15  |w 2019-11-15  |y BK  |k LIT